United States Presidents: Which Number? *(FRO) Quiz Stats

Quiz not verified by Sporcle

Challenge
Share
Tweet
Embed
Score 0/45 Timer 07:00
0 Plays Today
President Number % Correct
George Washington1st
95.5%
Thomas Jefferson3rd
95.5%
John Adams2nd
90.9%
James Madison4th
90.9%
James Monroe5th
90.9%
John Quincy Adams6th
90.9%
Andrew Jackson7th
90.9%
Abraham Lincoln16th
90.9%
Andrew Johnson17th
90.9%
Rutherford B. Hayes19th
90.9%
Chester A. Arthur21st
90.9%
Franklin D. Roosevelt32nd
90.9%
Harry S. Truman33rd
90.9%
Dwight D. Eisenhower34th
90.9%
John F. Kennedy35th
90.9%
Lyndon B. Johnson36th
90.9%
Richard Nixon37th
90.9%
Jimmy Carter39th
90.9%
Ronald Regan40th
90.9%
George H.W. Bush41st
90.9%
Bill Clinton42nd
90.9%
George W. Bush43rd
90.9%
Barrack Obama44th
90.9%
President Number % Correct
Donald Trump45th
90.9%
William Henry Harrison9th
86.4%
John Tyler10th
86.4%
Zachary Taylor12th
86.4%
Millard Fillmore13th
86.4%
Grover Cleveland (1st time)22nd
86.4%
Benjamin Harrison23rd
86.4%
Grover Cleveland (2nd time)24th
86.4%
Theodore Roosevelt26th
86.4%
William Howard Taft27th
86.4%
Warren G. Harding29th
86.4%
Calvin Coolidge30th
86.4%
Gerald Ford38th
86.4%
Martin VanBuren8th
81.8%
Franklin Pierce14th
81.8%
James Buchanan15th
81.8%
William McKinley25th
81.8%
Woodrow Wilson28th
81.8%
Herbert Hoover31st
81.8%
James K. Polk11th
77.3%
Ulysses S. Grant18th
77.3%
James A. Garfield20th
77.3%

You're not logged in!

Compare scores with friends on all Sporcle quizzes.
Join for Free
OR
Log In

You Might Also Like...

Show Comments

Extras

Top Quizzes Today


Score Distribution

Your Account Isn't Verified!

In order to create a playlist on Sporcle, you need to verify the email address you used during registration. Go to your Sporcle Settings to finish the process.

Report this User

Report this user for behavior that violates our Community Guidelines.

Details: